000 00572nam a2200229Ia 4500
003 OSt
005 20220918200547.0
006 a|||||r|||| 00| 0
007 ta
008 220917b |||||||| |||| 00| 0 eng d
024 _a89,338
037 _cTextual
040 _aARTS
_cARTS
_beng
041 _2eng
_aeng
082 _aU8wM13, J9.1-.2
100 _aLivingstone D
_994659
245 0 _aFamiy letters 1841, 1856 ed by
260 _c1959
650 _aGEOGRAPHY
942 _hU8wM13, J9.1-.2
_cTEXL
_2CC
999 _c213008
_d213008